| 000 | 01123cam a2200133 4500500 | ||
|---|---|---|---|
| 005 | 20251214010924.0 | ||
| 041 | _afre | ||
| 042 | _adc | ||
| 100 | 1 | 0 |
_aMartin, Yann-Hervé _eauthor |
| 245 | 0 | 0 | _aLe commercial, le sophiste et le mercenaire : Vers une éthique du commerce |
| 260 |
_bManagement Prospective Éditions,
_c2022. |
||
| 520 | _aC’est une sorte d’évidence, le métier de commercial a mauvaise réputation, comme s’il s’agissait de nous rappeler qu’Hermès, dieu des marchands, est aussi le dieu des voleurs. Bien sûr, cette réputation est injuste, mais il importe pourtant de la comprendre. D’où vient-elle ? Pourquoi perdure-t-elle ? Pourquoi cette différence de traitement entre le commerçant, souvent valorisé, et le commercial, parfois regardé avec suspicion ? Ce petit livre veut à la fois comprendre les raisons de cette méfiance et réfléchir aux conditions d’une activité commerciale qui puisse faire bon ménage avec l’éthique. | ||
| 856 | 4 | 1 | _uhttps://shs.cairn.info/le-commercial-le-sophiste-et-le-mercenaire--9791094033364?lang=fr&redirect-ssocas=7080 |
| 999 |
_c1569727 _d1569727 |
||